Focus sur: Eldacar - Tolkien - Statistiques

Statistiques générales
  • Ce quiz a été pris 6 fois
  • Le résultat moyen est 4 sur 11
Statistiques - réponses
Informations recherchées Réponses % Correct
Espèce Homme
83%
Age durant lequel il vécut Troisième
83%
Royaume Gondor
67%
Première apparition Le Silmarillion
67%
Profession et titre Roi du Gondor
67%
Maison (lignée) Númenor
33%
Aldamir
17%
Mère Vidumavi
17%
Fils Ornendil
0%
Père Valacar
0%
Autre nom Vinitharya
0%
Aucun quiz correspondant
Distribution des résultats
% des personnes avec chaque résultat
Percentile par nombre de réponses
Votre historique - résultats
Vous n’avez pas pris ce quiz